00609nam a2200205 ar450000100040000000500170000400800410002102000150006204100080007708200270008510000330011224500620014525000120020726000290021930000330024850400410028165000240032265000440034699900130039085320221127090033.0080611s xxu a 00110|eng d a00600056960 aEng04a153.83bSch96 20042221 aSchwartz, Barry,d1837-1923.14aThe paradox of choice :bwhy more is less /cB. Schwartz. a1st ed. aNew York :bECCO,c2004. axi, 265 p. :bill. ;c21 cm. aIncludes bibl. references and index. 4aChoice(Psychology). 4aDecision makingxPsychological aspects. c853d853